000 00709nam a2200193 4500
001 139747
003 ES-MaACL
005 20230906195907.0
007 t|
008 070214s1915 sz r ||||1| fre d
100 1 _aSchneider, A.
_9104550
245 1 0 _aCommentaire du Code Fédéral des obligations du 30 marx 1911 /
_cnouvelle édition revisée du `Commentaire populaire et pratique` A. Schneider, H. Fick.
260 _aNeuchatel :
_bDelachaux & Niestlé,
_c1915.
300 _a2 v. ;
_c23 cm.
505 8 _aContiene: Vol. I. Titres I a XXII. Vol. II. Titres XXIII a XXXIII/ par G. Bachmann...[et al.]
700 1 _aFick, H.
_950684
700 1 _aBachmann, G.
_924481
852 _aES-MaACL
_jD-2236-37
999 _c139747
_d139747